| 000 | 00650nam a22001937a 4500 | ||
|---|---|---|---|
| 003 | ITZ | ||
| 005 | 20250919135025.0 | ||
| 008 | 250919b |||||||| |||| 00| 0 spa d | ||
| 035 | _a17907 | ||
| 041 | _aEsp | ||
| 050 |
_aCD 029 HD30.4 _bR8 2016 |
||
| 082 |
_aCD 029 658.5 _bR8p 2016 |
||
| 100 | 1 | _aRuiz Tapia, Laura Gisela | |
| 245 | _aParticipación de mercado para segmento ABC+ para TELMEX en la región de Cuernavaca Morelos | ||
| 300 | _apag. varia / | ||
| 502 | _aInforme técnico de residencia profesional, opción (X) I.T.Z. (Lic. Administración) Rosalinda García Villafaña | ||
| 650 | _a1. MERCADOTECNÍA \ 2. CLIENTE | ||
| 942 | _cTES | ||
| 999 |
_c29622 _d29622 |
||